UNIX V Základy operačního systému

Uložené v:
Podrobná bibliografia
Hlavný autor: Jelen, Milan
Médium: Kniha
Jazyk:Czech
Vydavateľské údaje: Praha Grada 1995
Vydanie:1. vyd.
Predmet:
Tagy: Pridať tag
Žiadne tagy, Buďte prvý, kto otaguje tento záznam!

MARC

LEADER 00000nam a2200000 4500
001 c009394
005 20221205133641.8
020 |a 80-7169-113-5 
041 0 |a cze 
044 |a CZ 
245 1 0 |a UNIX V  |b Základy operačního systému  |c Milan Jelen 
250 |a 1. vyd. 
264 1 |a Praha  |b Grada  |c 1995 
300 |a 242 s. 
610 2 0 |a systémy operačné 
610 2 0 |a programovanie počítačov 
610 2 0 |a jazyky programovacie 
610 2 0 |a softvér 
610 2 0 |a počítače 
610 2 0 |a UNIX V 
100 1 |a Jelen, Milan